[Event "NZL-ch Major op"]
[Site "Christchurch"]
[Date "2022.01.07"]
[Round "6"]
[White "McDougall, Wayne"]
[Black "Sunathvanichkul, Tawan"]
[Result "0-1"]
[WhiteElo "1425"]
[BlackElo "1266"]
[PlyCount "74"]
[EventDate "2022.01.02"]
[EventType "swiss"]
[EventRounds "9"]
[EventCountry "NZL"]
[SourceTitle "EXT 2024"]
[Source "ChessBase"]
[SourceDate "2023.10.10"]
[SourceVersion "1"]
[SourceVersionDate "2023.10.10"]
[SourceQuality "1"]

1. e4 e5 2. Nf3 Nc6 3. Nc3 Nf6 4. Bb5 Bb4 5. d3 Nd4 6. Ba4 b5 7. Bb3 Nxb3 8. axb3 d5 9. exd5 Nxd5 10. Bd2 Nxc3 11. bxc3 Bd6 12. Qe2 Qe7 13. 0-0 0-0 14. Rfe1 Re8 15. Ng5 Bf5 16. g4 Bg6 17. h4 h6 18. h5 Bxh5 19. gxh5 hxg5 20. Qe3 f6 21. Rxa7 Rxa7 22. Qxa7 Qf7 23. Qb7 Qxh5 24. Qxb5 Qg4+ 25. Kf1 Qh3+ 26. Ke2 Qg4+ 27. f3 Qg2+ 28. Ke3 Kf8 29. Qd7 Bc5+ 30. Ke4 Bd6 31. Ke3 Bc5+ 32. Ke4 Bd6 33. Be3 g6 34. Kd5 Qxf3+ 35. Kc4 Re7 36. Qd8+ Kf7 37. Qh8 Qc6+ 0-1

[Event "NZL-ch Major op"]
[Site "Christchurch"]
[Date "2022.01.03"]
[Round "2"]
[White "McDougall, Wayne"]
[Black "Dharmasena, Gavith"]
[Result "1-0"]
[WhiteElo "1425"]
[BlackElo "1771"]
[PlyCount "75"]
[EventDate "2022.01.02"]
[EventType "swiss"]
[EventRounds "9"]
[EventCountry "NZL"]
[SourceTitle "EXT 2024"]
[Source "ChessBase"]
[SourceDate "2023.10.10"]
[SourceVersion "1"]
[SourceVersionDate "2023.10.10"]
[SourceQuality "1"]

1. e4 e5 2. Nf3 Nc6 3. Nc3 Nf6 4. Bb5 Bc5 5. d3 d6 6. Bg5 a6 7. Ba4 b5 8. Bb3 h6 9. Bh4 g5 10. Bg3 Bg4 11. h3 Bh5 12. Qd2 Bxf3 13. gxf3 Nd4 14. 0-0-0 Nxf3 15. Qe2 Nd4 16. Qf1 Qd7 17. h4 0-0-0 18. hxg5 hxg5 19. Qg2 Nh5 20. Bh2 g4 21. Nd5 c6 22. Ne3 g3 23. Bxg3 Ne2+ 24. Kd2 Bxe3+ 25. Kxe2 Bf4 26. Qf3 Nxg3+ 27. fxg3 Bh6 28. Qxf7 Qg4+ 29. Qf3 Qg5 30. Qf5+ Qxf5 31. exf5 d5 32. c4 Rd6 33. Kf3 Rf8 34. g4 Bg5 35. c5 Rd7 36. Rh5 Rg8 37. Re1 Re7 38. Reh1 1-0

[Event "NZL-ch Major op"]
[Site "Christchurch"]
[Date "2022.01.02"]
[Round "1"]
[White "Yu, Zachary"]
[Black "McDougall, Wayne"]
[Result "1-0"]
[WhiteElo "1614"]
[BlackElo "1425"]
[PlyCount "73"]
[EventDate "2022.01.02"]
[EventType "swiss"]
[EventRounds "9"]
[EventCountry "NZL"]
[SourceTitle "EXT 2024"]
[Source "ChessBase"]
[SourceDate "2023.10.10"]
[SourceVersion "1"]
[SourceVersionDate "2023.10.10"]
[SourceQuality "1"]

1. d4 Nf6 2. Nc3 e6 3. Bf4 d5 4. e3 Bb4 5. Bd3 Nc6 6. Nf3 Bd7 7. 0-0 a6 8. Ne2 Qe7 9. Bxc7 Bd6 10. Bxd6 Qxd6 11. c4 e5 12. dxe5 Nxe5 13. Nxe5 Qxe5 14. Nd4 0-0 15. Rc1 Ng4 16. Nf3 Qxb2 17. Rb1 Qxa2 18. cxd5 b5 19. h3 Nf6 20. e4 Rfe8 21. e5 Nxd5 22. Ra1 Qb2 23. Bxh7+ Kxh7 24. Qxd5 Be6 25. Qe4+ g6 26. Rab1 Qa2 27. Qh4+ Kg7 28. Ng5 Rh8 29. Qf4 Qc4 30. Qf6+ Kh6 31. Rfc1 Qa2 32. Rb4 Bc4 33. Nxf7+ Kh7 34. Nxh8 Rxh8 35. Rcxc4 Qxc4 36. Rxc4 bxc4 37. e6 1-0

[Event "NZL-ch Major op"]
[Site "Tauranga"]
[Date "2020.01.16"]
[Round "3"]
[White "McDougall, Wayne"]
[Black "Deng, Abraham"]
[Result "0-1"]
[WhiteElo "1429"]
[BlackElo "1747"]
[PlyCount "56"]
[EventDate "2020.01.14"]
[EventType "swiss"]
[EventRounds "9"]
[EventCountry "NZL"]
[SourceTitle "EXT 2021"]
[Source "ChessBase"]
[SourceDate "2020.10.23"]
[SourceVersion "1"]
[SourceVersionDate "2020.10.23"]
[SourceQuality "1"]

1. e4 c5 2. d4 cxd4 3. Qxd4 Nc6 4. Qa4 Nf6 5. Bg5 e6 6. Nc3 Be7 7. Nf3 0-0 8. h3 h6 9. Bh4 d5 10. 0-0-0 Nxe4 11. Bxe7 Nxc3 12. Bxd8 Nxa4 13. Bc7 Bd7 14. Bb5 Nb8 15. Bd3 Nc5 16. Be2 Rc8 17. Bf4 Ne4 18. Rhf1 Nc6 19. a3 Na5 20. Bd3 Nc5 21. Ne5 Ba4 22. Kb1 Nxd3 23. Nxd3 Bxc2+ 24. Ka2 Bxd1 25. Rxd1 Rc4 26. g3 Rac8 27. Rd2 f6 28. h4 e5 0-1

[Event "Short sim +19-2=3"]
[Site "Devonport"]
[Date "2014.03.02"]
[Round "1.18"]
[White "Short, Nigel D"]
[Black "McDougall, Wayne"]
[Result "1-0"]
[WhiteElo "2674"]
[BlackElo "1490"]
[PlyCount "45"]
[EventDate "2014.03.02"]
[EventType "simul"]
[EventCountry "NZL"]
[SourceTitle "EXT 2019"]
[Source "ChessBase"]
[SourceDate "2018.10.10"]
[SourceVersion "1"]
[SourceVersionDate "2018.10.10"]
[SourceQuality "1"]

1. e4 e5 2. Nf3 Nc6 3. Bc4 Bc5 4. b4 Bxb4 5. c3 Be7 6. d4 exd4 7. Qb3 Na5 8. Bxf7+ Kf8 9. Qa4 c5 10. Bxg8 Rxg8 11. cxd4 cxd4 12. Ba3 d6 13. Nxd4 a6 14. 0-0 b5 15. Qd1 Qb6 16. Nc3 Bf6 17. e5 Nc4 18. exf6 Nxa3 19. Nd5 Qd8 20. Qf3 Nc4 21. Ne7 Ra7 22. Ndc6 Bb7 23. fxg7+ 1-0